| 000 | 00547nam a2200181 a 4500 | ||
|---|---|---|---|
| 005 | 20240924065823.0 | ||
| 008 | 030527s1958 mx r 000 0 spa d | ||
| 035 | _aUPN01000124729 | ||
| 049 | _aF | ||
| 050 | 4 |
_aT71 _bG3.3 |
|
| 100 | 1 | _aGarcía Hernández, L. | |
| 245 | 1 | 3 |
_aLa educación técnica (vocacional) en América / _cL. García Hernández |
| 260 |
_aWashington : _bUnión Panamericana, _c1958 |
||
| 300 | _a16 p. | ||
| 650 | 4 |
_aEnseñanza técnica _zAmérica Latina _920096 |
|
| 650 | 4 |
_aEducación vocacional _99152 |
|
| 905 | _aLibro | ||
| 999 |
_c96908 _d96908 |
||